Easy General Knowledge Quiz - Statistics

General Stats
  • This quiz has been taken 98 times
  • The average score is 12 of 15
Answer Stats
Hint Answer % Correct
How many countries are there in the United Kingdom? 4
96%
How many strings are on a bass guitar? 4
96%
What is the most common eye colour in the world? Brown
95%
What country are the Great Pyramids located in? Egypt
94%
Who wrote Romeo and Juliet? William Shakespeare
92%
How many sides does a heptagon have? 7
91%
Who is the current President of the United States? (June 2023) Joe Biden
91%
Who is the son of God? Jesus
87%
What is the smallest country in the world? Vatican City
87%
Which war started in 1914 and ended in 1918? World War One
87%
Who Played Hermione Granger In Harry Potter? Emma Watson
82%
What is 5 x 5 + 9 x 2? 43
76%
Fill in the blank: “I am __ Man” Iron
57%
Who won the first UEFA Champions League? Real Madrid
44%
What stadium is the home of Manchester United? Old Trafford
43%
No matching quizzes found
Score Distribution
Percent of People with Each Score
Percentile by Number Answered
Your Score History
You have not taken this quiz